003460000a22001090004500090001700000245008900017041001300106100003300119942001300152773005400165999001700219 aASbSeriadas10aSan Lucas mountain range in Colombiashow much conservation is owed to the violence?0 aInglés1 aDávalos, Liliana M.996941 cARTICULO1 tBiodiversity and Conservationh1q69-78d2001g10 c15953d15953